Countries without rodents - Statistics

General Stats
  • This quiz has been taken 15 times
  • The average score is 12 of 13
Answer Stats
Country % Correct
Kiribati
100%
Marshall Islands
100%
Micronesia
100%
Samoa
100%
Tonga
100%
Fiji
92%
New Zealand
92%
Tuvalu
92%
Vanuatu
92%
Nauru
83%
Palau
83%
Maldives
67%
Mauritius
67%
No matching quizzes found
Score Distribution
Percent of People with Each Score
Percentile by Number Answered
Your Score History
You have not taken this quiz